000 00246nam a22001097a 4500
008 170125b xxu||||| |||| 00| 0 eng d
020 _a0911910107
041 _aeng
080 _217TH
_a61
245 _aTHE MERC MANUAL
_cBEERS, M.H
942 _2udc
_cBK
999 _c3693
_d3693